<?xml version="1.0" encoding="UTF-8"?>
<record
    xmlns:xsi="http://www.w3.org/2001/XMLSchema-instance"
    xsi:schemaLocation="http://www.loc.gov/MARC21/slim http://www.loc.gov/standards/marcxml/schema/MARC21slim.xsd"
    xmlns="http://www.loc.gov/MARC21/slim">

  <leader>01798nam a2200241 a 4500</leader>
  <controlfield tag="005">20180723152944.0</controlfield>
  <controlfield tag="008">140127b2007    ck ||||| |||| 00| 0 spa d</controlfield>
  <datafield tag="040" ind1=" " ind2=" ">
    <subfield code="c">CO-BoIH</subfield>
  </datafield>
  <datafield tag="041" ind1=" " ind2=" ">
    <subfield code="a">spa</subfield>
  </datafield>
  <datafield tag="044" ind1=" " ind2=" ">
    <subfield code="a">ck</subfield>
  </datafield>
  <datafield tag="090" ind1=" " ind2=" ">
    <subfield code="a">IAVH</subfield>
    <subfield code="b">00690</subfield>
  </datafield>
  <datafield tag="100" ind1=" " ind2=" ">
    <subfield code="a">Maldonado, Carolina</subfield>
    <subfield code="9">5294</subfield>
  </datafield>
  <datafield tag="245" ind1=" " ind2=" ">
    <subfield code="a">Manual de gu&#xED;as de laboratorio para la detecci&#xF3;n de Organismos Gen&#xE9;ticamento Modificados (OGM)</subfield>
  </datafield>
  <datafield tag="260" ind1=" " ind2=" ">
    <subfield code="a">Bogot&#xE1;</subfield>
    <subfield code="b">Instituto Alexander von Humboldt</subfield>
    <subfield code="c">2007</subfield>
  </datafield>
  <datafield tag="300" ind1=" " ind2=" ">
    <subfield code="a">102 p.</subfield>
  </datafield>
  <datafield tag="520" ind1=" " ind2=" ">
    <subfield code="a">El Gobierno colombiano a trav&#xE9;s del grupo interinstitucional y el Banco Mundial formularon el proyecto Desarollo de Capacidades para Implementar el Protocolo de Cartagena en Bioseguridad, con el objeto de logar el desarrollo de un marco regulatorio de bioseguridad en el pa&#xED;s, en todos los aspectos relacionados con el movimiento transfronterizo de los Organismos Gen&#xE9;ticamente Modificados -OGM. Se busca el establecimiento de uno o varios Nodos de Excelencia T&#xE9;cnica para la investigaci&#xF3;n, la valoraci&#xF3;n y el manejo del riesgo, involucrando en todas las actividades de introducci&#xF3;n, transporte, investigaci&#xF3;n, producci&#xF3;n, uso y comercializaci&#xF3;n de los OGM. El Laboratorio Central Interinstitucional de Detecci&#xF3;n y Monitoreo de OGM busca implementar t&#xE9;cnicas moleculares para la detecci&#xF3;n y monitoreo de OGM, de acuerdo con las competencias de cada uno de los sectores participantes (salud, medio ambiente y agropecuario). Este es un compendio de gu&#xED;as donde se estipulan los lineamientos b&#xE1;sicos para un laboratorio en la detecci&#xF3;n y monitoreo de OGM en Colombia.</subfield>
  </datafield>
  <datafield tag="650" ind1=" " ind2=" ">
    <subfield code="a">Bioseguridad</subfield>
    <subfield code="9">30013</subfield>
  </datafield>
  <datafield tag="650" ind1=" " ind2=" ">
    <subfield code="a">Protocolo de Cartagena</subfield>
    <subfield code="9">30014</subfield>
  </datafield>
  <datafield tag="650" ind1=" " ind2=" ">
    <subfield code="a">OGM</subfield>
    <subfield code="9">5296</subfield>
  </datafield>
  <datafield tag="650" ind1=" " ind2=" ">
    <subfield code="a">Biotecnolog&#xED;a</subfield>
    <subfield code="9">30015</subfield>
  </datafield>
  <datafield tag="650" ind1=" " ind2=" ">
    <subfield code="9">959</subfield>
    <subfield code="a">Organismos modificados gen&#xE9;ticamente</subfield>
  </datafield>
  <datafield tag="942" ind1=" " ind2=" ">
    <subfield code="2">z</subfield>
    <subfield code="c">INFORME</subfield>
  </datafield>
  <datafield tag="999" ind1=" " ind2=" ">
    <subfield code="c">5864</subfield>
    <subfield code="d">5864</subfield>
  </datafield>
  <datafield tag="952" ind1=" " ind2=" ">
    <subfield code="0">0</subfield>
    <subfield code="1">0</subfield>
    <subfield code="2">z</subfield>
    <subfield code="4">0</subfield>
    <subfield code="7">0</subfield>
    <subfield code="8">HUMBOLDT</subfield>
    <subfield code="I">INV2017</subfield>
    <subfield code="a">Bogota</subfield>
    <subfield code="b">Bogota</subfield>
    <subfield code="d">2007-08-10</subfield>
    <subfield code="l">0</subfield>
    <subfield code="o">IAVH-00690</subfield>
    <subfield code="p">024821</subfield>
    <subfield code="r">2024-08-09 00:00:00</subfield>
    <subfield code="t">Ej. 1</subfield>
    <subfield code="w">2012-12-04</subfield>
    <subfield code="x">Dep&#xF3;sito Institucional</subfield>
    <subfield code="y">INFORME</subfield>
  </datafield>
</record>
